| 000 | 00470nam a2200193Ia 4500 | ||
|---|---|---|---|
| 003 | 0100 | ||
| 008 | 130303s9999 xx 000 0 und d | ||
| 040 | _cARRUPELIB | ||
| 050 | _aBV210.2.S831984 | ||
| 100 | _aSteindl-Rast, Brother David | ||
| 245 | _aGratefulness, the Heart of Prayer | ||
| 245 | _bAn Approach to Life in Fullness | ||
| 260 | _aNY | ||
| 260 | _bPaulist Press | ||
| 260 | _C1984 | ||
| 300 | _a224p | ||
| 650 | _bPhilosophy--History | ||
| 942 | 0 | 0 | _01 |
| 999 |
_c23912 _d23912 |
||